| 000 | 00879nam a2200289 a 4500 | ||
|---|---|---|---|
| 001 | 000012642 | ||
| 005 | 20200929163042.0 | ||
| 008 | 091114s1993 sp 000 f spa d | ||
| 020 | _a8408010263 | ||
| 040 |
_aDO-SdBNP _bspa _cBNPHU |
||
| 041 | 1 | 7 |
_aspa _heng _2Código de idioma MARC |
| 082 |
_a813.54 _bG869t, 1993 |
||
| 100 | 1 |
_aGrisham, John, _d1955- _910906 |
|
| 240 | 1 | 4 |
_aThe firm. _lEspañol |
| 245 | 1 | 3 |
_aLa tapadera / _cJohn Grisham ; traducción de Enric Tremps. |
| 250 | _a8a ed. | ||
| 260 |
_aBarcelona : _bPlaneta, _c1993. |
||
| 300 |
_a406 ; _c23 cm. |
||
| 490 | 1 | _aContemporánea | |
| 534 |
_pTítulo original en inglés: _tThe firm _cJohn Grisham, 1991. |
||
| 650 | 4 |
_aNovela estadounidense _9262 |
|
| 650 | 4 |
_aLiteratura estadounidense _9263 |
|
| 700 | 1 |
_aTremps, Enric, _etr. _910907 |
|
| 830 | 0 |
_aContemporánea _99108 |
|
| 910 | _aWM | ||
| 049 | _aBNGR | ||
| 999 |
_c12294 _d12294 |
||